[Event "Ruhrgebiet VL1 0001"]
[Site "Ruhrgebiet"]
[Date "2001.03.04"]
[Round "7"]
[White "Hellbing, Bernd"]
[Black "Bandmann, Heinz"]
[Result "1/2-1/2"]
[WhiteElo "1772"]
[BlackElo "1521"]
[PlyCount "80"]
[EventDate "2000.09.17"]
[EventType "team-tourn"]
[EventRounds "9"]
[EventCountry "GER"]
[SourceTitle "EXT 2023"]
[Source "ChessBase"]
[SourceDate "2022.10.05"]
[SourceVersion "1"]
[SourceVersionDate "2022.10.05"]
[SourceQuality "1"]
[WhiteTeam "Katernberg III"]
[BlackTeam "Osterfeld"]
[WhiteTeamCountry "GER"]
[BlackTeamCountry "GER"]

1. c4 e6 2. g3 d5 3. Bg2 Nf6 4. cxd5 exd5 5. Nf3 Bd6 6. Nc3 c6 7. d4 h6 8. 0-0 0-0 9. a3 Be6 10. b4 Nbd7 11. b5 Nb6 12. bxc6 bxc6 13. Nd2 Bf5 14. Na4 Re8 15. Nc5 Bxc5 16. dxc5 Nbd7 17. Nb3 Ne4 18. Be3 Rb8 19. Nd4 Qf6 20. Nxf5 Qxf5 21. Rc1 Rb5 22. Qa4 a5 23. Bxe4 Qxe4 24. Qxe4 Rxe4 25. Rb1 Rc4 26. Rxb5 cxb5 27. Rd1 Nf6 28. Bd4 Ne4 29. f3 Nxc5 30. Be3 Rc3 31. Kf2 Ne6 32. Rxd5 Rxa3 33. Rxb5 Ra1 34. Rb8+ Kh7 35. h4 h5 36. Ra8 a4 37. Ra5 Kg6 38. Ra6 Kh7 39. Ra5 Kg6 40. g4 hxg4 1/2-1/2